Digital fundamentals and applications (Record no. 13539)

000 -LEADER
fixed length control field 00455nam a22001457a 4500
020 ## - INTERNATIONAL STANDARD BOOK NUMBER
International Standard Book Number 9789380856575
082 ## - DEWEY DECIMAL CLASSIFICATION NUMBER
Classification number 621.395 CHA
100 ## - MAIN ENTRY--PERSONAL NAME
Personal name C. K. Chanda
245 ## - TITLE STATEMENT
Title Digital fundamentals and applications
260 ## - PUBLICATION, DISTRIBUTION, ETC.
Place of publication, distribution, etc. New Delhi
Name of publisher, distributor, etc. University Science Press
Date of publication, distribution, etc. 2011
300 ## - PHYSICAL DESCRIPTION
Extent 492p.
Other physical details ill.;
650 ## - SUBJECT ADDED ENTRY--TOPICAL TERM
Topical term or geographic name entry element Digital electronics
-- Logic circuits
-- Boolean algebra
-- Number analysis
-- Operational amplifires
-- Logic Design
700 ## - ADDED ENTRY--PERSONAL NAME
Personal name Sumit Banerjee
942 ## - ADDED ENTRY ELEMENTS (KOHA)
Koha item type Book
Holdings
Withdrawn status Lost status Damaged status Not for loan Collection code Permanent Location Current Location Shelving location Date acquired Source of acquisition Cost, normal purchase price Total Checkouts Full call number Barcode Date last seen Price effective from Koha item type
          Central Library (CL) Central Library (CL) General Stacks 04/15/2016 Allied Book Company 568.48   621.395 CHA SEECS013429 12/28/2021 04/16/2016 Book
© 2023 Central Library, National University of Sciences and Technology. All Rights Reserved.